[Event "Team senior chess final 2017"]
[Site "Sochi"]
[Date "2017.05.04"]
[Round "4.1"]
[White "Karimov, Rashid"]
[Black "Blechzin, Igor"]
[Result "0-1"]
[WhiteElo "2156"]
[BlackElo "2260"]
[PlyCount "91"]
[EventDate "2017.05.01"]

1. c4 Nf6 2. Nc3 g6 3. e4 d6 4. d4 Bg7 5. f3 O-O 6. Be3 Na6 7. Bd3 c5 8. Nge2
Nb4 9. O-O cxd4 10. Nxd4 Nc6 11. Qd2 Nd7 12. Be2 Nc5 13. Rac1 Ne6 14. Nxc6 bxc6
15. b4 c5 16. b5 Nd4 17. Bd3 a6 18. Rfd1 Be6 19. Rb1 axb5 20. Nxb5 Nxb5 21.
Rxb5 Ra4 22. Rc1 Qd7 23. Bb1 Qc6 24. Bd3 Rfa8 25. Rc2 Ra3 26. h3 Qa6 27. Kh2 h5
28. f4 Bd7 29. Rb3 Ra5 30. Rb1 Ba4 31. Rcb2 Bxb2 32. Rxb2 Bd7 33. f5 Rxa2 34.
fxg6 Rxb2 35. gxf7+ Kxf7 36. Qxb2 Qa1 37. Qf2+ Qf6 38. Qd2 Rg8 39. Be2 Qg6 40.
Qd5+ Kf8 41. Bf3 Bxh3 42. Qxh5 Qg3+ 43. Kg1 Qe1+ 44. Kh2 Qxe3 45. Qxh3 Qf4+ 46.
Kg1 0-1

[Event "Team senior chess final 2017"]
[Site "Sochi"]
[Date "2017.05.04"]
[Round "4.2"]
[White "Arkhipov, Sergey"]
[Black "Gubernatorov, Sergey"]
[Result "1-0"]
[WhiteElo "2446"]
[BlackElo "2300"]
[PlyCount "101"]
[EventDate "2017.05.01"]

1. d4 Nf6 2. c4 g6 3. Nc3 d5 4. Bg5 Bg7 5. e3 c5 6. dxc5 Qa5 7. Qd2 dxc4 8.
Bxc4 Qxc5 9. Bb5+ Nc6 10. Nf3 Ne4 11. Bxc6+ Qxc6 12. Nxe4 Qxe4 13. O-O O-O 14.
Nd4 Re8 15. f3 Qd5 16. Bh4 e5 17. Nb3 Qxd2 18. Nxd2 Be6 19. Ne4 Rec8 20. Bf6
Rc2 21. Bxg7 Kxg7 22. Rf2 Rac8 23. Nc3 Rxf2 24. Kxf2 a5 25. a4 Rc4 26. Ke1 Rb4
27. Rb1 Bb3 28. Ra1 Bc4 29. Rb1 f5 30. Kd2 Bb3 31. Ra1 g5 32. h3 h5 33. g3 Kg6
34. Ra3 Bc4 35. Kc2 Bf1 36. Nd5 Rc4+ 37. Kd2 Bxh3 38. Rb3 h4 39. Rb6+ Kf7 40.
gxh4 gxh4 41. b3 Rc5 42. e4 fxe4 43. fxe4 Bg2 44. Rh6 h3 45. Ne3 Rc6 46. Rh4
Rb6 47. Kc3 Rf6 48. Ng4 Rc6+ 49. Kd3 Kg7 50. Ne3 Rh6 51. Nf5+ 1-0

[Event "Team senior chess final 2017"]
[Site "Sochi"]
[Date "2017.05.04"]
[Round "4.2"]
[White "Kiriushin, Vladimir"]
[Black "Chudinovskikh, Alexander M"]
[Result "0-1"]
[WhiteElo "2170"]
[BlackElo "2231"]
[PlyCount "80"]
[EventDate "2017.05.01"]

1. e4 c5 2. Nf3 Nc6 3. Nc3 Nf6 4. d3 d6 5. Bg5 e6 6. Be2 Be7 7. O-O h6 8. Bh4
O-O 9. Re1 a6 10. a4 Rb8 11. d4 cxd4 12. Nxd4 Qb6 13. Nb3 Nxe4 14. Nxe4 Bxh4
15. a5 Qa7 16. Qxd6 f5 17. Ng3 Rd8 18. Qc7 Rd7 19. Qf4 Bg5 20. Qc4 Rd5 21. Bd3
Ne5 22. Rxe5 Rxe5 23. Nxf5 Bd7 24. Qc7 Rd5 25. h4 Bf6 26. Ne3 Rc8 27. Qg3 Rxd3
28. cxd3 Bxb2 29. Rb1 Bc3 30. Nc4 Rf8 31. Nb6 Bc6 32. Nc5 Bd4 33. Qd6 Bxf2+ 34.
Kh2 Bxc5 35. Qxc5 Qb8+ 36. Kh3 Qf4 37. Rb4 Qf1 38. Rb2 Qxd3+ 39. Kh2 Qe4 40.
Kh3 Rf4 0-1

[Event "Team senior chess final 2017"]
[Site "Sochi"]
[Date "2017.05.04"]
[Round "4.2"]
[White "Kremenietsky, Anatoly M"]
[Black "Mednikov, Gennadiy"]
[Result "0-1"]
[WhiteElo "2295"]
[BlackElo "2176"]
[PlyCount "78"]
[EventDate "2017.05.01"]

1. e4 d5 2. exd5 Qxd5 3. Nc3 Qd6 4. d4 Nf6 5. Nf3 c6 6. Bd3 Bg4 7. Ne4 Nxe4 8.
Bxe4 Nd7 9. c3 e6 10. h3 Bh5 11. Qe2 Be7 12. Bd2 Nf6 13. Bc2 Nd5 14. g4 Bg6 15.
Bxg6 hxg6 16. Ne5 Bf6 17. O-O-O Bxe5 18. dxe5 Qc5 19. Kb1 O-O-O 20. c4 Nb6 21.
b3 Rd4 22. f4 Rhd8 23. Bc1 a5 24. Rxd4 Qxd4 25. Qe3 Qd3+ 26. Kb2 Rd4 27. Re1
Qxe3 28. Bxe3 Re4 29. Bd2 Rxe1 30. Bxe1 a4 31. Bf2 Nd7 32. bxa4 b6 33. c5 bxc5
34. a5 Kb7 35. Kc3 Ka6 36. h4 Kxa5 37. h5 gxh5 38. gxh5 Kb5 39. Bh4 Nb6 0-1

[Event "Team senior chess final 2017"]
[Site "Sochi"]
[Date "2017.05.04"]
[Round "4.2"]
[White "Martynov, Alexandr"]
[Black "Kolbanov, Veniamin M"]
[Result "0-1"]
[WhiteElo "1960"]
[BlackElo "2174"]
[PlyCount "84"]
[EventDate "2017.05.01"]

1. d4 Nf6 2. Bf4 d5 3. e3 e6 4. Nd2 Bd6 5. Bg3 O-O 6. Bd3 c5 7. c3 Nc6 8. Ngf3
Qe7 9. Ne5 Nd7 10. f4 Re8 11. O-O Nf8 12. Qh5 f6 13. Bh4 Rd8 14. Qg4 g6 15. Rf3
Qg7 16. Rg3 fxe5 17. fxe5 Be7 18. Rf1 Bxh4 19. Qxh4 Bd7 20. Rgf3 Re8 21. Rf6
Re7 22. Qf4 b6 23. h4 Rae8 24. Nf3 cxd4 25. exd4 Nd8 26. h5 gxh5 27. Nh2 Nf7
28. Rf3 Nh8 29. Rg3 Nfg6 30. Qg5 Rf7 31. Nf3 Ref8 32. Nh4 Rxf6 33. exf6 Qxf6
34. Nxg6 Qxg5 35. Rxg5 hxg6 36. Bxg6 Nxg6 37. Rxg6+ Kh7 38. Rg5 Kh6 39. Re5 Kg6
40. b3 b5 41. Re1 Rf4 42. Re3 h4 0-1

[Event "Team senior chess final 2017"]
[Site "Sochi"]
[Date "2017.05.05"]
[Round "5.1"]
[White "Akhmadeev, Valery"]
[Black "Arkhipov, Sergey"]
[Result "0-1"]
[WhiteElo "2079"]
[BlackElo "2446"]
[PlyCount "80"]
[EventDate "2017.05.01"]

1. d4 Nf6 2. c4 e6 3. Nc3 Bb4 4. e3 O-O 5. Bd3 d5 6. Nge2 c5 7. a3 Bxc3+ 8.
bxc3 dxc4 9. Bxc4 Qc7 10. Bd3 e5 11. dxe5 Qxe5 12. f4 Qd5 13. O-O Rd8 14. Bc2
Qxd1 15. Rxd1 Rxd1+ 16. Bxd1 Bf5 17. Ng3 Bd3 18. Bf3 Nc6 19. e4 Rd8 20. Be3 c4
21. Rd1 g6 22. e5 Nd5 23. Bxd5 Rxd5 24. Ne2 Ra5 25. Nc1 Rxa3 26. Nxd3 Rxc3 27.
Nc5 Rxe3 28. Nxb7 c3 29. Kf2 Re4 30. Rc1 Rxf4+ 31. Ke3 Rf5 32. Rxc3 Rxe5+ 33.
Kf4 Rf5+ 34. Kg3 Nd4 35. Ra3 Nb5 36. Ra5 h5 37. Nd8 Rd5 38. h3 Rd3+ 39. Kf2 h4
40. Ra4 g5 {çàïèñü íåðàçáîð~~èâà} 0-1

[Event "Team senior chess final 2017"]
[Site "Sochi"]
[Date "2017.05.05"]
[Round "5.1"]
[White "Shvedchikov, Anatoli I"]
[Black "Sabaev, Evgueni"]
[Result "1-0"]
[WhiteElo "2285"]
[BlackElo "2155"]
[PlyCount "42"]
[EventDate "2017.05.01"]

1. c4 f5 2. Nf3 Nf6 3. g3 g6 4. b3 Bg7 5. Bb2 O-O 6. Bg2 d6 7. d4 e6 8. Nbd2
Qe8 9. O-O Nc6 10. Re1 e5 11. e4 fxe4 12. Nxe4 Nxe4 13. Rxe4 Bf5 14. Re1 Qc8
15. dxe5 Bg4 16. Qd5+ Kh8 17. Ng5 Qf5 18. f4 dxe5 19. h3 Bh5 20. Ne6 Qc2 21.
Rab1 g5 1-0

[Event "Team senior chess final 2017"]
[Site "Sochi"]
[Date "2017.05.05"]
[Round "5.1"]
[White "Zlachevskiy, Leonid"]
[Black "Chudinovskikh, Alexander M"]
[Result "0-1"]
[WhiteElo "2046"]
[BlackElo "2231"]
[PlyCount "82"]
[EventDate "2017.05.01"]

1. e4 d5 2. exd5 Nf6 3. d4 Nxd5 4. c4 Nb6 5. Be2 e5 6. Nf3 exd4 7. Nxd4 Bb4+ 8.
Bd2 a5 9. Bc3 O-O 10. O-O c6 11. Nc2 Bxc3 12. Nxc3 Na6 13. Ne3 Be6 14. Ne4 f5
15. Qxd8 Raxd8 16. Ng5 Bc8 17. Rfd1 Nc5 18. Rxd8 Rxd8 19. Rd1 Re8 20. g3 h6 21.
Nf3 g5 22. Bf1 f4 23. gxf4 gxf4 24. Ng2 Bg4 25. Re1 Rxe1 26. Nfxe1 Nba4 27.
Nxf4 Nxb2 28. Ned3 Nbxd3 29. Bxd3 Kf7 30. Kg2 Kf6 31. Kg3 Nxd3 32. Nxd3 Bf5 33.
Nc5 b6 34. Na4 b5 35. cxb5 cxb5 36. Nc5 b4 37. Nb3 a4 38. Nc5 a3 39. Kf4 Bb1
40. Na6 b3 41. Nc5 Bxa2 0-1

[Event "Team senior chess final 2017"]
[Site "Sochi"]
[Date "2017.05.05"]
[Round "5.1"]
[White "Kolbanov, Veniamin M"]
[Black "Karimov, Rashid"]
[Result "1/2-1/2"]
[WhiteElo "2174"]
[BlackElo "2156"]
[PlyCount "81"]
[EventDate "2017.05.01"]

1. e4 c5 2. Nf3 e6 3. d4 cxd4 4. Nxd4 Nc6 5. Nc3 d6 6. Be2 Be7 7. Be3 Nf6 8.
O-O O-O 9. Kh1 e5 10. Nxc6 bxc6 11. f4 exf4 12. Rxf4 Be6 13. Qe1 Nd7 14. Rd1
Ne5 15. Bd4 Bf6 16. b4 Qe7 17. a4 Nd7 18. Bxf6 Nxf6 19. Qh4 Rfe8 20. b5 Bd7 21.
Rdf1 Qe5 22. Qg3 cxb5 23. Rxf6 Qxg3 24. hxg3 gxf6 25. axb5 Be6 26. Bd3 Rac8 27.
Nd1 f5 28. exf5 Bc4 29. Nf2 h5 30. Ra1 Bxd3 31. cxd3 d5 32. Nh3 Re5 33. Nf4
Rxf5 34. Rxa7 Rb8 35. Ra5 Kg7 36. Kh2 h4 37. Kh3 hxg3 38. Kxg3 d4 39. Ra4 Rfxb5
40. Rxd4 R8b6 41. Rd8 1/2-1/2

[Event "Team senior chess final 2017"]
[Site "Sochi"]
[Date "2017.05.05"]
[Round "5.2"]
[White "Sveshnikov, Evgeny"]
[Black "Faibisovich, Vadim Z"]
[Result "1/2-1/2"]
[WhiteElo "2503"]
[BlackElo "2320"]
[PlyCount "81"]
[EventDate "2017.05.01"]

1. e4 c5 2. Nf3 Nc6 3. Bb5 g6 4. O-O Bg7 5. c3 a6 6. Bxc6 bxc6 7. d4 cxd4 8.
cxd4 Nf6 9. Nc3 O-O 10. h3 d6 11. Bf4 Bb7 12. Qd2 c5 13. d5 Re8 14. Bh6 Bh8 15.
Ng5 Bg7 16. Bxg7 Kxg7 17. Rad1 h6 18. Nf3 e5 19. dxe6 Rxe6 20. e5 Ne8 21. Nh2
Rxe5 22. Ng4 Rh5 23. Ne2 Qh4 24. Ng3 Rd5 25. Qc3+ Kg8 26. Ne4 Rxd1 27. Nef6+
Nxf6 28. Nxf6+ Kg7 29. Nh5+ Kf8 30. Qg7+ Ke7 31. Rxd1 Qxh5 32. Re1+ Kd7 33.
Qxf7+ Kc6 34. Re6 Kb6 35. Rxd6+ Ka7 36. Rxg6 Qd1+ 37. Kh2 Qd4 38. Qc7 Rb8 39.
f3 h5 40. b3 h4 41. Rg4 1/2-1/2

[Event "Team senior chess final 2017"]
[Site "Sochi"]
[Date "2017.05.05"]
[Round "5.2"]
[White "Mishuchkov, Nikolai M"]
[Black "Rashkovsky, Nukhim N"]
[Result "1/2-1/2"]
[WhiteElo "2321"]
[BlackElo "2499"]
[PlyCount "26"]
[EventDate "2017.05.01"]

1. d4 d5 2. Nf3 Nf6 3. c4 dxc4 4. e3 e6 5. Bxc4 a6 6. a4 b6 7. O-O Bb7 8. Nc3
Bb4 9. Qe2 Nbd7 10. Na2 Bd6 11. Nc3 Bb4 12. Na2 Bd6 13. Nc3 Bb4 1/2-1/2

[Event "Team senior chess final 2017"]
[Site "Sochi"]
[Date "2017.05.05"]
[Round "5.2"]
[White "Lisenko, Alexander V"]
[Black "Karasev, Vladimir I"]
[Result "1/2-1/2"]
[WhiteElo "2359"]
[BlackElo "2355"]
[PlyCount "56"]
[EventDate "2017.05.01"]

1. Nf3 c5 2. c4 Nf6 3. g3 b6 4. Bg2 Bb7 5. O-O e6 6. Nc3 Be7 7. d4 Ne4 8. Nxe4
Bxe4 9. b3 O-O 10. Bb2 Bf6 11. Qd2 Nc6 12. Rad1 Bxf3 13. Bxf3 cxd4 14. Bxc6
dxc6 15. Bxd4 c5 16. Be3 Qxd2 17. Rxd2 Rfd8 18. Rfd1 Rxd2 19. Rxd2 Rd8 20.
Rxd8+ Bxd8 21. Kf1 Kf8 22. Ke1 Bc7 23. Kd2 Ke7 24. Kc2 Kd7 25. Kd2 Ke7 26. Kc2
Kd7 27. Kd2 Ke7 28. Kc2 Kd7 1/2-1/2

[Event "Team senior chess final 2017"]
[Site "Sochi"]
[Date "2017.05.05"]
[Round "5.2"]
[White "Blechzin, Igor"]
[Black "Dragomarezkij, Evgeni"]
[Result "1-0"]
[WhiteElo "2260"]
[BlackElo "2350"]
[PlyCount "185"]
[EventDate "2017.05.01"]

1. Nf3 Nf6 2. c4 e6 3. g3 a6 4. Bg2 b5 5. d4 bxc4 6. Qa4 Bb7 7. Qxc4 Be7 8. O-O
O-O 9. Nc3 d6 10. Qb3 Ra7 11. Qc2 Nbd7 12. e4 Ra8 13. h3 Re8 14. Be3 Qc8 15.
Rac1 c5 16. Rfd1 cxd4 17. Nxd4 Qb8 18. b4 Bf8 19. Nb3 d5 20. Nc5 Nxc5 21. bxc5
Bc6 22. exd5 exd5 23. Bg5 Ne4 24. Bf4 Qb7 25. Rb1 Qa7 26. Nxd5 Bxd5 27. Rxd5
Nxc5 28. Be3 Rxe3 29. fxe3 Re8 30. Qf2 Nd7 31. Kh2 Nf6 32. Rd3 Qc5 33. Rbd1 Be7
34. Qf4 g6 35. Rf1 Kg7 36. e4 Rf8 37. e5 Ng8 38. Qd4 Rc8 39. e6+ f6 40. Qxc5
Rxc5 41. Ra3 a5 42. Rd1 f5 43. Rad3 a4 44. Rd5 Rc2 45. R1d2 Rc1 46. Bf3 Bc5 47.
Bd1 Ne7 48. Rd7 a3 49. Rc2 Rxc2+ 50. Bxc2 Kf6 51. Bb3 h5 52. Kg2 Kg5 53. h4+
Kf6 54. Rd8 Ke5 55. Kf3 Bb4 56. Rb8 Bd6 57. Ra8 Nc6 58. Ke3 Kf6 59. Ra6 Bc5+
60. Ke2 Ne7 61. Kd3 Bf2 62. Rxa3 Bxg3 63. Ra4 f4 64. Ke4 Bxh4 65. Kxf4 g5+ 66.
Ke4 g4 67. Ra8 Be1 68. a4 Ng6 69. a5 h4 70. a6 h3 71. e7 h2 72. e8=Q h1=Q+ 73.
Kd4 Bf2+ 74. Kc3 Qc1+ 75. Kb4 Qc5+ 76. Ka4 Qd4+ 77. Ka3 Qd6+ 78. Ka2 Qd2+ 79.
Kb1 Bd4 80. Qc6+ Kg5 81. Qc1 Qxc1+ 82. Kxc1 g3 83. Bd5 Nf4 84. Rg8+ Kh4 85. Bf3
Nd3+ 86. Kd2 Ne5 87. Bg2 Ng4 88. Kd3 Bb6 89. Kc4 Ne5+ 90. Kb5 Bf2 91. Rg7 Ng4
92. Rg6 Ne5 93. Rb6 1-0

[Event "Team senior chess final 2017"]
[Site "Sochi"]
[Date "2017.05.06"]
[Round "6.1"]
[White "Kremenietsky, Anatoly M"]
[Black "Rashkovsky, Nukhim N"]
[Result "1/2-1/2"]
[WhiteElo "2295"]
[BlackElo "2499"]
[PlyCount "37"]
[EventDate "2017.05.01"]

1. d4 d5 2. Nf3 Nf6 3. c4 c6 4. cxd5 cxd5 5. Nc3 Nc6 6. Bf4 Bf5 7. e3 e6 8. Bd3
Bxd3 9. Qxd3 Bd6 10. Bxd6 Qxd6 11. O-O O-O 12. Rfc1 Rfc8 13. Nb5 Qe7 14. Nc3
Qd6 15. Nb5 Qe7 16. Nc3 Qd6 17. Nb5 Qe7 18. Nc3 Qd6 19. Nb5 1/2-1/2

[Event "Team senior chess final 2017"]
[Site "Sochi"]
[Date "2017.05.06"]
[Round "6.1"]
[White "Lisenko, Alexander V"]
[Black "Kolbanov, Veniamin M"]
[Result "1/2-1/2"]
[WhiteElo "2359"]
[BlackElo "2174"]
[PlyCount "138"]
[EventDate "2017.05.01"]

1. c4 e5 2. Nf3 e4 3. Nd4 Nc6 4. Nc2 d5 5. cxd5 Qxd5 6. Nc3 Qe5 7. g3 Nf6 8.
Bg2 Bc5 9. b4 Bb6 10. Bb2 Bg4 11. Na4 Qe6 12. Nxb6 axb6 13. h3 Bf3 14. Bxf3
exf3 15. a3 O-O-O 16. e3 Ne4 17. d3 Qb3 18. Bd4 Nc3 19. Bxc3 Qxc3+ 20. Qd2 Qxd3
21. Qxd3 Rxd3 22. O-O Rd2 23. Rfc1 Rhd8 24. b5 Ne5 25. Nd4 c5 26. bxc6 bxc6 27.
Nxc6 Nxc6 28. Rxc6+ Kb7 29. Rac1 Rd1+ 30. Kh2 Rxc1 31. Rxc1 h5 32. e4 Rd2 33.
Kg1 Rd3 34. a4 f6 35. Re1 g6 36. g4 h4 37. g5 fxg5 38. e5 Kc7 39. e6 Kd8 40.
Rb1 Rd6 41. Rb3 Rd1+ 42. Kh2 Rd4 43. Rxf3 Rxa4 44. Rb3 Ke7 45. Rxb6 Re4 46. Rb5
Kf6 47. Kg2 Rxe6 48. Kf3 Re1 49. Rb7 Rg1 50. Ra7 Rb1 51. Kg2 Rb4 52. Rh7 Rf4
53. Kg1 Rd4 54. Kg2 Rd3 55. Kh2 Ra3 56. Kg2 Ra4 57. Kh2 Rf4 58. Kg2 Re4 59. Kf3
Ra4 60. Kg2 Ra5 61. Kf3 Ra6 62. Kg2 Rb6 63. Kf3 Re6 64. Kg2 Re1 65. Kf3 Rg1 66.
Ra7 Re1 67. Rh7 Re5 68. Kg2 Rb5 69. Kf3 Ra5 1/2-1/2

[Event "Team senior chess final 2017"]
[Site "Sochi"]
[Date "2017.05.06"]
[Round "6.1"]
[White "Melnik, Viktor"]
[Black "Dragomarezkij, Evgeni"]
[Result "0-1"]
[WhiteElo "2099"]
[BlackElo "2350"]
[PlyCount "68"]
[EventDate "2017.05.01"]

1. e4 c5 2. Nf3 e6 3. d4 cxd4 4. Nxd4 Nc6 5. Nc3 Qc7 6. a3 a6 7. Nxc6 bxc6 8.
Bd3 Nf6 9. O-O Be7 10. Qe2 d5 11. Bd2 O-O 12. Rae1 Re8 13. e5 Nd7 14. Na4 a5
15. f4 g6 16. Rc1 Nb6 17. Nc3 a4 18. Nd1 c5 19. c3 Qa7 20. Ne3 d4 21. cxd4 cxd4
22. Nc4 Nxc4 23. Rxc4 Rb8 24. Rfc1 Bd7 25. R1c2 Rb7 26. Bc1 Kg7 27. g4 Bb5 28.
Rc8 Bxd3 29. Qxd3 Rb3 30. f5 Rxd3 31. f6+ Bxf6 32. exf6+ Kxf6 33. Rxe8 Rd1+ 34.
Kg2 Qb7+ 0-1

[Event "Team senior chess final 2017"]
[Site "Sochi"]
[Date "2017.05.06"]
[Round "6.2"]
[White "Akhmadeev, Valery"]
[Black "Kiriushin, Vladimir"]
[Result "1/2-1/2"]
[WhiteElo "2079"]
[BlackElo "2170"]
[PlyCount "119"]
[EventDate "2017.05.01"]

1. d4 Nf6 2. c4 c6 3. Nc3 d5 4. Nf3 dxc4 5. a4 e6 6. e3 Bb4 7. Bxc4 Nbd7 8. O-O
Qc7 9. h3 O-O 10. Qb3 a5 11. Bd2 e5 12. Rac1 exd4 13. exd4 Nb6 14. Bd3 Be6 15.
Qc2 h6 16. b3 Rad8 17. Rfd1 Rfe8 18. Nb1 Nbd5 19. Bc4 Nf4 20. Be3 Bxh3 21. gxh3
Nxh3+ 22. Kg2 Nf4+ 23. Kf1 Qd7 24. Bxf4 Qh3+ 25. Kg1 Qxf3 26. Bg3 Ng4 27. Nd2
Bxd2 28. Qxd2 Ne3 29. Bf1 Nxd1 30. Qxd1 Qxd1 31. Rxd1 Re4 32. Bc7 Rd5 33. f3
Rexd4 34. Rxd4 Rxd4 35. Bxa5 Kf8 36. Kf2 h5 37. Bc3 Rd5 38. Bc4 Rg5 39. Bd2 Rg6
40. Bd3 Re6 41. Bb4+ Kg8 42. Bf5 Re8 43. Be4 g6 44. Bd3 Kg7 45. a5 f6 46. Bc5
Re5 47. b4 g5 48. a6 bxa6 49. Bxa6 Kf7 50. Bb7 Re6 51. Bc8 f5 52. Bxe6+ Kxe6
53. f4 gxf4 54. Kf3 Kd5 55. Kxf4 h4 56. Be7 Kc4 57. Kf3 Kc3 58. Kg2 f4 59. Bd6
Kc4 60. Kf3 1/2-1/2

[Event "Team senior chess final 2017"]
[Site "Sochi"]
[Date "2017.05.06"]
[Round "6.2"]
[White "Mednikov, Gennadiy"]
[Black "Sabaev, Evgueni"]
[Result "1-0"]
[WhiteElo "2176"]
[BlackElo "2155"]
[PlyCount "63"]
[EventDate "2017.05.01"]

1. d4 e6 2. Bf4 c5 3. e3 Nf6 4. Nf3 Nc6 5. Nbd2 d5 6. c3 Bd6 7. Bg3 O-O 8. Bd3
Qe7 9. Ne5 Nd7 10. Nxd7 Bxd7 11. Bxd6 Qxd6 12. dxc5 Qxc5 13. Bxh7+ Kxh7 14.
Qh5+ Kg8 15. Ne4 Qc4 16. Ng5 Rfd8 17. Qxf7+ Kh8 18. Qg6 Kg8 19. f4 Be8 20.
Qxe6+ Kh8 21. Qh3+ Kg8 22. Qh7+ Kf8 23. Ne6+ Kf7 24. f5 Qg4 25. O-O Ke7 26.
Nxd8 Kxd8 27. Rad1 Ne7 28. e4 Rc8 29. exd5 Rc4 30. h3 Qg5 31. d6 Nc6 32. d7 1-0

[Event "Team senior chess final 2017"]
[Site "Sochi"]
[Date "2017.05.06"]
[Round "6.2"]
[White "Zlachevskiy, Leonid"]
[Black "Martynov, Alexandr"]
[Result "1-0"]
[WhiteElo "2046"]
[BlackElo "1960"]
[PlyCount "105"]
[EventDate "2017.05.01"]

1. d4 d5 2. c4 e5 3. dxe5 d4 4. a3 Nc6 5. Nf3 Bg4 6. Bf4 Nge7 7. Bg3 Ng6 8.
Nbd2 Qe7 9. Qa4 O-O-O 10. O-O-O Kb8 11. h3 Bf5 12. Nb3 Bd7 13. e6 fxe6 14. Na5
e5 15. Nxc6+ Bxc6 16. Qc2 Qe8 17. e3 Ba4 18. b3 Bxa3+ 19. Kb1 Bc6 20. exd4 Bxf3
21. gxf3 exd4 22. Bd3 Bb4 23. Qa2 Ne7 24. Be4 Bc3 25. Be5 Nc6 26. Bxg7 Nb4 27.
Qa3 Rd6 28. Bxd4 Ra6 29. Qxa6 Nxa6 30. Bxc3 Nc5 31. Bc2 Rf8 32. Rhe1 Qf7 33.
Re3 b6 34. b4 Nb7 35. Rd5 a6 36. Rf5 Qg8 37. Rxf8+ Qxf8 38. Bxh7 Qh6 39. Bf5
Nd6 40. Be6 Qg6+ 41. Kc1 Qg1+ 42. Be1 Qh2 43. c5 Nb5 44. Bd5 Qf4 45. Bd2 Qf8
46. Bc6 bxc5 47. Re8+ Qxe8 48. Bxe8 cxb4 49. Bxb5 axb5 50. Bxb4 Kb7 51. h4 Kb6
52. h5 c5 53. h6 1-0

[Event "Team senior chess final 2017"]
[Site "Sochi"]
[Date "2017.05.06"]
[Round "6.2"]
[White "Maiorov, Viktor"]
[Black "Karimov, Rashid"]
[Result "1/2-1/2"]
[WhiteElo "1997"]
[BlackElo "2156"]
[PlyCount "43"]
[EventDate "2017.05.01"]

1. e4 c5 2. Nc3 e6 3. f4 d5 4. d3 Nf6 5. Be2 Be7 6. e5 Nfd7 7. Nf3 b5 8. a3 a6
9. O-O Nc6 10. Qe1 Qc7 11. Qg3 g6 12. Kh1 Nd4 13. Bd1 Bb7 14. Nxd4 cxd4 15. Ne2
Qb6 16. b3 b4 17. a4 Nb8 18. Qf2 Bc5 19. Qh4 Be7 20. Qf2 Bc5 21. Qh4 Be7 22.
Qf2 1/2-1/2

[Event "Team senior chess final 2017"]
[Site "Sochi"]
[Date "2017.05.07"]
[Round "7.1"]
[White "Lisenko, Alexander V"]
[Black "Mednikov, Gennadiy"]
[Result "1-0"]
[WhiteElo "2359"]
[BlackElo "2176"]
[PlyCount "113"]
[EventDate "2017.05.01"]

1. c4 e5 2. a3 Nc6 3. Nc3 Nf6 4. Nf3 a6 5. d4 exd4 6. Nxd4 Bc5 7. Nxc6 bxc6 8.
g3 d6 9. Bg2 Bd7 10. O-O O-O 11. b4 Ba7 12. Bb2 Rb8 13. Qa4 Qe8 14. Qa5 Bb6 15.
Qg5 h6 16. Qf4 Qe6 17. Na4 Ba7 18. Bxf6 Qxf6 19. Qxf6 gxf6 20. c5 Rfe8 21. e3
dxc5 22. Nxc5 Bxc5 23. bxc5 Re5 24. Rfd1 Bg4 25. Rd4 Be6 26. Ra4 Rxc5 27. Rxa6
Rb6 28. Ra8+ Kg7 29. Ra4 Rb3 30. Bf3 Bh3 31. Bg4 Bxg4 32. Rxg4+ Kf8 33. a4 Rbc3
34. Kg2 Ra5 35. Rd4 Rc2 36. Rf4 Kg7 37. Rg4+ Kf8 38. Rb4 Rf5 39. Rf4 Rxf4 40.
gxf4 Ke7 41. a5 Rb2 42. a6 Rb8 43. f5 c5 44. Kf3 c4 45. Ke4 c5 46. Kd5 c3 47.
a7 Ra8 48. Kxc5 c2 49. Kb6 Rd8 50. Rc1 Rd6+ 51. Kb5 Rd5+ 52. Kb4 Rd1 53. Rxc2
Ra1 54. Rc7+ Kd6 55. Rxf7 Ke5 56. Kb5 Kxf5 57. Kb6 1-0

[Event "Team senior chess final 2017"]
[Site "Sochi"]
[Date "2017.05.07"]
[Round "7.1"]
[White "Martynov, Alexandr"]
[Black "Dragomarezkij, Evgeni"]
[Result "0-1"]
[WhiteElo "1960"]
[BlackElo "2350"]
[PlyCount "94"]
[EventDate "2017.05.01"]

1. d4 Nf6 2. Bf4 e6 3. e3 c5 4. c3 cxd4 5. exd4 b6 6. Nd2 Bb7 7. Ngf3 Be7 8.
Bd3 d6 9. Qe2 Nbd7 10. O-O O-O 11. Rfe1 Re8 12. Ng5 Bf8 13. Ndf3 h6 14. Ne4
Bxe4 15. Bxe4 Nxe4 16. Qxe4 Nf6 17. Qd3 Qd7 18. h3 b5 19. a4 a6 20. axb5 axb5
21. b3 Rec8 22. c4 bxc4 23. bxc4 Qc6 24. Nd2 Be7 25. Qb3 Rxa1 26. Rxa1 Ne4 27.
Ra4 e5 28. d5 Nxd2 29. Bxd2 Qd7 30. Be3 Bg5 31. Ra7 Qf5 32. Ra6 Bxe3 33. fxe3
Qe4 34. Ra4 Qh4 35. Kh2 Qf2 36. Qd3 g6 37. Ra6 Rb8 38. Rxd6 Rb2 39. Rd8+ Kh7
40. Qe4 Re2 41. Rd7 h5 42. Re7 h4 43. Rxf7+ Qxf7 44. Qxh4+ Kg7 45. Qe4 Qf5 46.
Qh4 Rxe3 47. Qe7+ Qf7 0-1

[Event "Team senior chess final 2017"]
[Site "Sochi"]
[Date "2017.05.07"]
[Round "7.1"]
[White "Fradkin, Boris"]
[Black "Maiorov, Viktor"]
[Result "1-0"]
[WhiteElo "2376"]
[BlackElo "1997"]
[PlyCount "39"]
[EventDate "2017.05.01"]

1. d4 Nf6 2. Nf3 b6 3. e3 Bb7 4. Bd3 e6 5. Nbd2 d5 6. b3 c5 7. O-O Nbd7 8. Bb2
Be7 9. Qe2 O-O 10. Ne5 g6 11. Rfd1 a6 12. Ndf3 Qc7 13. Rac1 Nxe5 14. Nxe5 Ne8
15. c4 cxd4 16. Bxd4 Ba3 17. Rc2 Qd6 18. cxd5 Qxd5 19. f3 b5 20. Be4 1-0

[Event "Team senior chess final 2017"]
[Site "Sochi"]
[Date "2017.05.07"]
[Round "7.2"]
[White "Chudinovskikh, Alexander M"]
[Black "Karasev, Vladimir I"]
[Result "1-0"]
[WhiteElo "2231"]
[BlackElo "2355"]
[PlyCount "81"]
[EventDate "2017.05.01"]

1. d4 Nf6 2. Nf3 d6 3. Nc3 g6 4. e4 Bg7 5. Be2 O-O 6. O-O Bg4 7. Be3 Nc6 8. d5
Bxf3 9. Bxf3 Ne5 10. Be2 c6 11. f4 Ned7 12. dxc6 bxc6 13. Bf3 Qc7 14. Qd2 e5
15. Rad1 exf4 16. Bxf4 Ne5 17. Kh1 Rad8 18. Be2 Ne8 19. b4 Qb7 20. Rb1 Nc7 21.
a4 a6 22. Rfd1 Rfe8 23. Bg5 f6 24. Be3 Kh8 25. h3 Re7 26. a5 Red7 27. Na4 Ne6
28. Nb6 Re7 29. c4 f5 30. exf5 gxf5 31. b5 f4 32. Bxf4 Nxf4 33. Qxf4 Rf7 34.
Qe4 axb5 35. cxb5 cxb5 36. Qxb7 Rxb7 37. Rxb5 Ra7 38. Rbd5 Nc6 39. a6 Nb4 40.
Rxd6 Rxd6 41. Rxd6 1-0

[Event "Team senior chess final 2017"]
[Site "Sochi"]
[Date "2017.05.07"]
[Round "7.2"]
[White "Blechzin, Igor"]
[Black "Kolbanov, Veniamin M"]
[Result "1/2-1/2"]
[WhiteElo "2260"]
[BlackElo "2174"]
[PlyCount "81"]
[EventDate "2017.05.01"]

1. Nf3 Nf6 2. c4 g6 3. g3 Bg7 4. Bg2 d6 5. d4 O-O 6. O-O Nc6 7. d5 Na5 8. Nfd2
c5 9. Nc3 a6 10. Qc2 Rb8 11. b3 b5 12. Bb2 e5 13. dxe6 fxe6 14. cxb5 axb5 15.
Nce4 Bb7 16. Nxf6+ Bxf6 17. Bxb7 Bxb2 18. Qxb2 Nxb7 19. b4 d5 20. bxc5 Nxc5 21.
Rac1 Qb6 22. h4 Na4 23. Qb4 Rbc8 24. Nf3 Rc5 25. Rxc5 Nxc5 26. Ne5 Qd6 27. Nf3
Ne4 28. Qxd6 Nxd6 29. Rc1 Ra8 30. Rc6 Ne4 31. Rc2 b4 32. Rb2 Nc3 33. Rxb4 Nxe2+
34. Kf1 Rxa2 35. Ng5 Nc3 36. Nxe6 Ne4 37. Rb8+ Kf7 38. Ng5+ Nxg5 39. hxg5 Ke6
40. Rb7 d4 41. Kg2 1/2-1/2

[Event "Team senior chess final 2017"]
[Site "Sochi"]
[Date "2017.05.08"]
[Round "8.1"]
[White "Faibisovich, Vadim Z"]
[Black "Kiriushin, Vladimir"]
[Result "1-0"]
[WhiteElo "2320"]
[BlackElo "2170"]
[PlyCount "103"]
[EventDate "2017.05.01"]

1. e4 e5 2. Nf3 Nc6 3. Nc3 Nf6 4. d4 exd4 5. Nxd4 Bb4 6. Nxc6 bxc6 7. Bd3 O-O
8. O-O Re8 9. Qf3 Rb8 10. Bg5 Be7 11. e5 Nd5 12. Bxe7 Qxe7 13. Nxd5 cxd5 14.
Qxd5 Qxe5 15. Qxe5 Rxe5 16. Rae1 Rxe1 17. Rxe1 Kf8 18. b3 Rb6 19. f4 h6 20. Kf2
Rd6 21. Re5 Ba6 22. Bxa6 Rxa6 23. a4 Rc6 24. Re2 Re6 25. Re3 Ke7 26. Kf3 Kd6
27. Rd3+ Kc6 28. b4 d6 29. Rc3+ Kb7 30. Re3 a5 31. Rxe6 fxe6 32. c3 Kb6 33. Ke4
axb4 34. cxb4 c5 35. bxc5+ Kxc5 36. f5 d5+ 37. Ke5 exf5 38. a5 d4 39. a6 d3 40.
a7 d2 41. a8=Q d1=Q 42. Qc8+ Kb6 43. Qb8+ Ka6 44. Qd6+ Qxd6+ 45. Kxd6 f4 46.
Ke5 g5 47. Kf5 Kb6 48. h3 Kc5 49. Kg6 Kd4 50. Kxh6 g4 51. hxg4 Ke3 52. Kg5 1-0